000 00495nam a2200181Ia 4500
005 20250508151658.0
008 008 250505s9999 xx 000 0 eng d
037 _aTextual
040 _aFEDL
_beng
_cFEDL
041 _aeng
_2eng
084 _a509, MAS
_qFEDL
100 _aMason S F
_9229927
245 0 _aHisotory of the sciences
260 _aLondon, UK
_bRoutledge and Kegan Paul Ltd
_c1953
300 _aviii,520p.
942 _cTEXL
_h509, MAS
999 _c1331390
_d1331390